Chicken Soup for the Soul : Indian college students (Record no. 157330)

MARC details
000 -LEADER
fixed length control field 00372nam a2200133Ia 4500
008 - FIXED-LENGTH DATA ELEMENTS--GENERAL INFORMATION
fixed length control field 230411s9999 xx 000 0 und d
041 ## - LANGUAGE CODE
Language code of text/sound track or separate title eng
082 ## - DEWEY DECIMAL CLASSIFICATION NUMBER
Classification number X/823/CAN/B07153
100 ## - MAIN ENTRY--PERSONAL NAME
Personal name Canfield Jack
245 ## - TITLE STATEMENT
Title Chicken Soup for the Soul : Indian college students
260 ## - PUBLICATION, DISTRIBUTION, ETC. (IMPRINT)
Name of publisher, distributor, etc. Westland
Place of publication, distribution, etc. Hyderabad
Date of publication, distribution, etc. 2011
300 ## - PHYSICAL DESCRIPTION
Extent 422p
Holdings
Withdrawn status Lost status Damaged status Not for loan Collection code Home library Current library Date acquired Vendor Cost, normal purchase price Bill number Total Checkouts Full call number Barcode Date last seen Date last checked out Cost, replacement price Bill Date Koha item type Original Barcode
          Smt. Bakul Tambat Institute of Nursing Education Smt. Bakul Tambat Institute of Nursing Education 07/08/2012 Landmark Limited 195.00 SLF02S0161040027861 4 X 823 CAN B07153 BTIN-BK-7153 11/11/2025 04/11/2025 125.00 07/08/2012 Books B07153